000 00282nam a22001217a 4500
082 _a823
_bVER/M
100 _aTHOMAS, VERNON
245 _aMORE TALES FROM THE PANCHATHANTRA
260 _aMUMBAI
_bBETTER YOURSELF
_c1997
300 _a80
650 _aENGLISH STORY
_zINDIA
942 _cBK
999 _c7330
_d7330